| 000 | 00000nam##2200000za#4500 |
| 001 | 9.697622 |
| 003 | CaOODSP |
| 005 | 20250506145324 |
| 007 | cr ||||||||||| |
| 008 | 150407|1979||||xxc|||||o f|0| 0 eng|d |
| 040 | |aCaOODSP|beng |
| 043 | |an-cn--- |
| 086 | 1 |aA22-91/1979E-PDF |
| 110 | 1 |aCanada.|bAgriculture Canada. |
| 245 | 10|aFarm account book / |h[electronic resource]|cprepared by the Atlantic Agricultural Economics Committee. |
| 260 | |bAgriculture Canada |c1979. |
| 300 | |a92p.|btables |
| 500 | |aHistorical publication digitized by Agriculture and Agri-Food Canada. "Originally published under the title, Atlantic Farm Account Book"--p. 3 of 92. |
| 590 | |a13-17-Supp|b2013-07-25 |
| 690 | 07|aAccounting|2gcpds |
| 690 | 07|aFarming|2gcpds |
| 690 | 07|aFinancial management|2gcpds |
| 856 | 40|ahttp://publications.gc.ca|qPDF|s5.84 MB|uhttps://publications.gc.ca/collections/collection_2013/aac-aafc/agrhist/A22-91-1979-eng.pdf |